000
00337 a2200157 4500
001
73604
020
_a
858854330-3
040
_c
Anchieta - Colégio São Paulo
100
_a
Cardoso, Antonio
240
1
0
_a
A "Fortuna"
_l
por
245
1
0
_a
A "Fortuna"
300
_a
93
362
0
_a
2004
650
4
_a
Ficção brasileira
942
_c
BK
999
_c
73604
_d
73604